Les enfants g^ates. (Record no. 79837)
[ view plain ]
| 000 -LEADER | |
|---|---|
| fixed length control field | 00553cam3a220019300 4500 |
| 001 - CONTROL NUMBER | |
| control field | tmp15529230 |
| 003 - CONTROL NUMBER IDENTIFIER | |
| control field | UPRA |
| 005 - DATE AND TIME OF LATEST TRANSACTION | |
| control field | 20190816084843.0 |
| 008 - FIXED-LENGTH DATA ELEMENTS--GENERAL INFORMATION | |
| fixed length control field | 950906s1966 fr fre u |
| 035 ## - SYSTEM CONTROL NUMBER | |
| System control number | (Sirsi) r124090 |
| 035 ## - SYSTEM CONTROL NUMBER | |
| System control number | (UPRA)tmp15529230 |
| 040 ## - CATALOGING SOURCE | |
| Transcribing agency | UPRA |
| 100 1# - MAIN ENTRY--PERSONAL NAME | |
| Personal name | Heriat, Philippe, 1898-1971. |
| Dates associated with a name | Heriat, Philippe, 1898-1971. |
| Linkage | A44302.1 |
| 245 14 - TITLE STATEMENT | |
| Title | Les enfants g^ates. |
| 260 ## - PUBLICATION, DISTRIBUTION, ETC. | |
| Place of publication, distribution, etc. | [Paris] : |
| Name of publisher, distributor, etc. | Gallimard, |
| Date of publication, distribution, etc. | [1966] |
| 440 #0 - SERIES STATEMENT/ADDED ENTRY--TITLE | |
| Title | Livre de poche |
| Linkage | S322.1 |
| 949 ## - LOCAL PROCESSING INFORMATION (OCLC) | |
| a | PQ2615.E66 |
| w | lcc |
| i | -178309 |
| m | MAIN |
| t | BOOK |
| l | ON-SHELF |
No items available.